| 000 | 00850cam a22002651 4500 | ||
|---|---|---|---|
| 001 | 25865 | ||
| 003 | BD-RjUL | ||
| 005 | 20211209050935.0 | ||
| 008 | 140319s1963 ii 001 0 eng d | ||
| 035 | _a(BD-RjUL)25935 | ||
| 035 | _a(OCoLC)307673 | ||
| 040 |
_aDLC _cOAU _dUk _dDLC _dBD-RjUL _beng |
||
| 041 | _aeng | ||
| 082 | 0 | 0 |
_a954.022 _bMIR 1963 |
| 100 | 1 |
_aMisra, S. C. _q(Satish Chandra), _d1925- _979477 |
|
| 245 | 1 | 4 |
_aThe rise of Muslim power in Gujarat : _ba history of Gujarat from 1298 to 1442 / _c S. C. Misra. |
| 260 |
_aNew York : _bAsia Pub. House; _c1963 |
||
| 300 |
_a252 p. : _bill. ; _c23 cm. |
||
| 500 | _aAt head of title: Dept. of History. The M. S. University of Baroda. | ||
| 504 | _aIncludes Index | ||
| 651 | 0 |
_aGujarat (India) _xHistory. _979478 |
|
| 942 |
_2ddc _cBK |
||
| 999 |
_c25865 _d25865 |
||